00424nam a2200157Ia 450000500170000000800410001702000150005808200130007310000210008624500590010726000410016630000190020765000140022665000120024065000140025220240805071808.0240331s9999 xx 000 0 und d a9559512617 bDONa379 aDon Peter, W.L.A 0aViewpoints on education in Sri LankacW.L.A. Don Peter aColombobEvangel Press Limitedc1987 aviii, 159 p ., aPolitical aHistory aCriticism